00982 a2200205 4500020001500000040001300015082001300028100002900041245018200070260005000252300003200302650003500334650004800369700002700417856008900444856007400533942002200607999001500629952013200644 a0471491845 aDLCbDLC00a621.38451 aGerakoulis, Diakoumis P.10aCDMA: access and switching : for terrestrial and satellite networks baccess and switching : for terrestrial and satellite networks cDiakoumis Gerakoulis, Evaggelos Geraniotis. aChichester ;aNew York :bJohn Wiley,cc2001. ax, 270 p. :bill. ;c25 cm. 0aCode division multiple access. 0aArtificial satellites in telecommunication.1 aGeraniotis, Evaggelos.423Publisher descriptionuhttp://www.loc.gov/catdir/description/wiley0310/00047751.html423Table of Contentsuhttp://www.loc.gov/catdir/toc/onix05/00047751.html cBKk621.38452ddc c8380d8380 001040708NFICaCLbCLcGENd2005-08-27eAcademic Book companyg7577.51l0o621.3845pSEECS006363r2012-11-14w2017-01-05yBK